000 01041nam a2200253Ia 4500
003 GCL
005 20240530095737.0
008 140319s9999 xx 000 0 ara d
040 _aGCL /
_cGCL
082 0 4 _a364.1523
_bم ث
100 1 _aمحمود عبدالرشيد بدران
245 1 0 _aالثقافة الثارية والثقافة المسالمة :
_bتاصيل نظرى ودراسة ميدانية للثقافة الفرعية ومحددات السلوك الاجرامى /
_cمحمود عبدالرشيد بدران
250 _aالاولى
260 _aالقاهرة :
_bمركز البحوث والدراسات الاجتماعية ،
_c2002
300 _a187 ص ؛
_c24 سم
650 0 4 _aالجريمة والمجرمون
650 0 4 _aعلم النفس الجنائى
650 0 4 _aالسلوك الاجتماعى
650 0 4 _aالانتقام
650 0 4 _aالثأر
650 0 4 _aالمشاكل الاجتماعية
700 1 _aاحمد محمد السيد امام عسكر
942 _2ddc
_cBK
999 _c10179
_d10179